Francisci Zabarellae in Clementinarum volumen Commentaria, (Registro nro. 255267)

Detalles MARC
000 -ENCABEZADO
Número de control [NR] 03013cam a2200349Mi 4500
005 - FECHA Y HORA DE LA ÚLTIMA TRANSACCIÓN
control field 20140903175123.0
008 - DE LONGITUD FIJA DE DATOS DE ELEMENTOS - INFORMACIÓN GENERAL
Elementos de longitud fija [NR] 970512s1602 it fr 001 0 latsd
026 ## - IDENTIFICADOR DE IDENTIDAD TIPOGRAFICA [R]
Primer y segundo grupo de caracteres [R] *-a- rie- 4.t. biqu (3) 1602 (R)*
–Institución en la cual se aplica [R] IT-TrCB
035 ## - NUMERO DE CONTROL DEL SISTEMA [R]
Número de control del sistema [NR] (OCoLC)797922977
040 ## - FUENTE DE CATALOGACION [NR]
Agencia de catalogación original [NR] IT-TrCB
Idioma de catalogación [NR] ita
Quien Cataloga Sandra Yazo
Quien Clasifica Sandra Yazo
041 0# - CODIGO DE IDIOMA [R]
Código de idioma para texto/pista de sonido o título separado [R] Latín
082 04 - NUMERO DE CLASIFICACION DECIMAL DEWEY [R]
Número de clasificación [R] 262.9
Número de la edición [NR] 20
092 ## - SIGNATURA TOPOGRAFICA LOCAL
Número de clasificación local E30N005
100 1# - ASIENTO PRINCIPAL--NOMBRE PERSONAL [NR]
Nombre personal [NR] Zabarella, Francesco,
Fechas asociadas con el nombre [NR] 1360-1417
ID Autoridad 61880
242 00 - TRADUCCION DEL TITULO POR LA AGENCIA CATALOGADORA [R]
Título [NR] Comentarios de Francisco Zabarella al libro de las Clementinas.
Parte restante del título [NR] Explicados con las anotaciones de autores antiguos como Felipe Franchi y Nicolás Soranzo y del moderno Vicente Godemini, Doctor en Ambos Derechos y catedrático de Derecho Canónico en la Universidad de Pisa. Con sumarios e índices muy completos, de materias y conceptos importantes.
Código de idioma del título traducido [NR] spa
245 00 - MENCION DE TITULO [NR]
Título [NR] Francisci Zabarellae in Clementinarum volumen Commentaria,
Parte restante del título [NR] Philippi Franchi, et Nicolai Superantii antiquis, ac etiam novis Vincentii Godemini I. V. Doct. Pisis ord. Iuris Canon. Legentis, adnotationibus illustrata. Cum summariis et indice rerum ac verborum memorabilium locupletissimis.
250 ## - MENCION DE EDICION [NR]
Mención de edición [NR] Hac in editione summo studio ac diligentia ab innumeris erroribus repurgata [Revisada en esta edición, con gran cuidado y diligencia, de innumerables errores]
260 ## - PUBLICACION, DISTRIBUCION, ETC. (PIE DE IMPRENTA) [R]
Lugar de publicación, distribución, etc. [R] Venetiis [Venecia] (Italia)
Nombre del editor, distribuidor, etc. [R] apud Iuntas [Los Giunta]
Fecha de publicación, distribución, etc. [R] 1602
300 ## - DESCRIPCION FISICA [R]
Extensión [R] 212, [15] ; [59] folios
Dimensiones [R] 41 x 28 cm.
500 ## - NOTA GENERAL [R]
Nota general [NR] Detalles físicos: Sin encuadernación original, actualmente encuadernación rígida en cartón forrado en tela. Guardas. Portadas impresa en dos tintas con un grabado. Texto impreso en dos columnas, letras pequeñas. Reclamos.
505 1# - NOTA DE CONTENIDO CON FORMATO PREESTABLECIDO [R]
Nota de contenido con formato preestablecido [NR] Apelaciones ; El bautismo y sus efectos ; Causas de posesión y propiedad ; La celebración de la misa y de otros oficios religiosos ; Sobre la consanguinidad y la afinidad ; Sobre los diezmos ; El dolo y la contumacia ; Sobre las elecciones y las prerrogativas de los elegidos ; Las excepciones ; Los excesos cometidos por los prelados ; Sobre el homicidio voluntario y el homicidio casual ; Los judíos y sarracenos ; Sobre el derecho de Patronato ; Prebendas y dignidades ; Pruebas ; Las casas de los religiosos ; Permuta de bienes ; Sentencia y cosa juzgada ; Secuestro de bienes ; Testamentos y últimas voluntades.
506 ## - NOTA DE RESTRICCIONES DE ACCESO [R]
Condiciones de acceso [NR] Consulta en sala.
546 ## - NOTA DE IDIOMA [R]
Nota de idioma [NR] Texto en latín.
650 #7 - ASIENTO SECUNDARIO DE MATERIA - TERMINO TEMATICO [R]
Término temático o nombre geográfico como elemento de entrada [NR] Derecho civil
9 (RLIN) 29560
Subdivisión general [R] Obras anteriores a 1800
650 #7 - ASIENTO SECUNDARIO DE MATERIA - TERMINO TEMATICO [R]
Término temático o nombre geográfico como elemento de entrada [NR] Derecho eclesiastico
9 (RLIN) 29561
Subdivisión general [R] Obras anteriores a 1800
653 ## - TERMINO DE INDIZACION - NO CONTROLADO [R]
Término de indización no controlado [R] Ambos derechos
690 ## - ASUNTO AGREGADO LOCAL DE ENTRADA - TÉRMINO TEMÁTICO (OCLC, RLIN)
9 (RLIN) 42765
Acceso temático local Derecho canónico
700 1# - ASIENTO SECUNDARIO - NOMBRE PERSONAL [R]
Nombre personal [NR] Franchi, Felipe
9 (RLIN) 61881
700 1# - ASIENTO SECUNDARIO - NOMBRE PERSONAL [R]
Nombre personal [NR] Soranzo, Niccolò,? ?
Fechas asociadas con el nombre [NR] c1476-1564?
9 (RLIN) 61882
856 41 - LOCALIZACION Y ACCESO ELECTRONICOS [R]
Identificador Uniforme del Recurso (“URI”) [R] <a href="http://books.google.com.co/books?id=ORcrcfLuW7wC&printsec=frontcover&dq=Francisci+Zabarellae+in+Clementinarum+volumen+Commentaria&hl=es&sa=X&ei=myiGU4aLD8eMqgbPpYLADA&ved=0CDMQ6AEwAQ#v=onepage&q=Francisci%20Zabarellae%20in%20Clementinarum%20volumen%20Commentaria&f=false">http://books.google.com.co/books?id=ORcrcfLuW7wC&printsec=frontcover&dq=Francisci+Zabarellae+in+Clementinarum+volumen+Commentaria&hl=es&sa=X&ei=myiGU4aLD8eMqgbPpYLADA&ved=0CDMQ6AEwAQ#v=onepage&q=Francisci%20Zabarellae%20in%20Clementinarum%20volumen%20Commentaria&f=false</a>
Nota dirigida al público [R] Disponible en línea
942 ## - ELEMENTOS DE ENTRADA AGREGADOS (KOHA)
Tipo de ítem principal el descrito en 300a Libro
Edición 1
Sistema de clasificación DEWEY
Clasificación 262.9
Existencias
Suprimido Perdido Sistema de clasificación Dañado No prestable Tipo de ítem específico Ubicación habitual Ubicación actual Localización Fecha de creación Forma de adquisición Costo Total préstamos Signatura topográfica Código de barras Última vez visto Ejemplar Price effective from Tipo de ítem
    LOCAL     Libro archivo Archivo Histórico Archivo Histórico Archivo histórico 28/05/2014 Donación 0.00   E30N005 L004174 28/05/2014 Ej.1 28/05/2014 Libro